000 00825nam a22002777a 4500
003 CHAP
005 20220329140344.0
008 971013c19601942 r 00010 d
010 _a50855
011 _a51827
035 _a55977
040 _cCHAP
082 _a551.4
_bV65
100 0 0 _aVon Engeln, O. D.
_9120665
245 _aGeomorphology
_b: systematic and regional
260 _aNew York :
_bMacMillan,
_c1960(c.1942)
300 _a655 p.
_b: ilus.
590 _aBATCH-UPD
_b10
_c20130110
_lUCH01
_h0652
590 _aBATCH-UPD
_b10
_c20130410
_lUCH01
_h0337
590 _aBATCH-UPD
_b10
_c20130914
_lUCH01
_h1539
590 _aCONVERSION
_b10
_c20130109
_lUCH01
_h1328
650 1 4 _aGeografía física.
_947590
901 _aBK
942 _cLIBRO
949 _a551.4 V65
_bBC
_cLIBRO
_d33724000435418
_eLIBRO
_h7704
_i55977
_si
999 _c50855
_d50855